header

Women and change in Cyprus (Record no. 143179)

MARC details
000 -LEADER
fixed length control field 01497nam a2200373 a 4500
082 04 - DEWEY DECIMAL CLASSIFICATION NUMBER
Classification number 305.4/095693
100 1# - MAIN ENTRY--AUTHOR NAME
Personal name Hadjipavlou, Maria.
245 10 - TITLE STATEMENT
Title Women and change in Cyprus
260 ## - PUBLICATION, DISTRIBUTION, ETC. (IMPRINT)
Place of publication London :
Name of publisher Tauris Academic Studies ;
Place of publication New York :
Name of publisher Distributed in the U.S. and Canada by Palgrave Macmillan,
Year of publication 2010.
300 ## - PHYSICAL DESCRIPTION
Number of Pages viii, 285 p.
490 1# - SERIES STATEMENT
Series statement Library of European studies ;
650 #0 - SUBJECT ADDED ENTRY--TOPICAL TERM
Topical Term Women
Topical Term Women's rights
Topical Term Women and war
856 40 - ELECTRONIC LOCATION AND ACCESS
Uniform Resource Identifier http://site.ebrary.com/lib/rucke/Doc?id=10424564

No items available.

© 2026 Rongo University
Contact us: librarian | system librarian | Rongo university